Movies Quiz

Random Movies Quiz

Mise en Scene Analysis Quiz Stats

 Plays Quiz not verified by Sporcle

Challenge
Share
Tweet
Embed
Score 0/15 Timer 03:00
0 Plays Today
Element % Correct
Dominant
91%
Lighting key
87.2%
Depth
84.6%
Character proxemics
82.1%
Angle
76.9%
Density
76.9%
Form
74.4%
Character placement
74.4%
Element % Correct
Color values
73.1%
Lens|filter|stock
69.2%
Subsidiary contrasts
69.2%
Shot|camera proxemics
67.9%
Composition
64.1%
Framing
64.1%
Staging positions
61.5%

You're not logged in!

Compare scores with friends on all Sporcle quizzes.
OR
Log In

You Might Also Like...

Show Comments

Extras

Created Dec 9, 2012ReportNominate
Tags:consider, point, scene

Top Quizzes Today


Score Distribution

Your Account Isn't Verified!

In order to create a playlist on Sporcle, you need to verify the email address you used during registration. Go to your Sporcle Settings to finish the process.

Report this User

Report this user for behavior that violates our Community Guidelines.

Details: